000
003260000a22001450004500
005
20120302065212.0
942
_c
BOOK
100
_a
Punja, Shobita
245
_a
Muserums of India
260
_a
Hong Kong:The GuideBook Co.Pvt.Ltd.
300
_a
307p..-ill
040
_a
Eng
365
_b
/-
650
_a
Illustrated Guide
999
_c
364164
_d
364161